000 00844nam a2200289 i 4500
001 C2-0335598
003 PPAK
005 20180728134942.0
008 160216s2005 my a|||| ||||| | may d
020 _a983420342X ; 9789834203429
040 _aPPAK
_beng
_cPPAK
_erda
082 0 4 _a499.2386
_223
090 0 0 _a499.2386
_bANW
_dK
100 0 _aAnwar A.H.,
_eauthor
245 1 0 _aApi! api! api!
264 1 _aKuala Lumpur :
_bGolden Hope Publications ,
_c2005
300 _a32 pages :
_billustrations ;
_c21 cm
336 _2rdacontent
_atext
337 _2rdamedia
_aunmediated
338 _2rdacarrier
_avolume
490 1 _aSiri bacaan sivik dan kenegaraan
500 _aIncludes questions
650 1 0 _aMalay language - Readers - Fiction.
700 _eauthor
830 0 _aSiri bacaan sivik dan kenegaraan
942 _ddc
_cB
999 _c133729
_d133729